Potenciál soukromého zdravotního pojištění v ČR

Potenciál pre zavedenie súkromného zdravotného poistenia. Zdravotnícke služby, ktoré sú vyňaté z verejného zdravotného poistenia. Prvé kroky v zavedení súkromného zdravotného poistenia v ČR vo forme dobrovoľnej spoluúčasti. Možná konštrukcia poistných produktov súkromného zdravotného poistenia. Úloh...

Descrizione completa

Salvato in:
Dettagli Bibliografici
Autore principale: Jedlička, Petr
Altri autori: Urban, Jaroslav
Natura: Capitolo di libro
Lingua:ceco
Soggetti:
Tags: Aggiungi Tag
Nessun Tag, puoi essere il primo ad aggiungerne!!

MARC

LEADER 00000naa a2200000 4500
001 0249998
005 20190110124830.3
041 0 |a cze 
044 |a CZ 
245 1 0 |a Potenciál soukromého zdravotního pojištění v ČR  |c Petr Jedlička, Jaroslav Urban 
520 |a Potenciál pre zavedenie súkromného zdravotného poistenia. Zdravotnícke služby, ktoré sú vyňaté z verejného zdravotného poistenia. Prvé kroky v zavedení súkromného zdravotného poistenia v ČR vo forme dobrovoľnej spoluúčasti. Možná konštrukcia poistných produktov súkromného zdravotného poistenia. Úloha verejných zdravotných poisťovní. Problematika dlhodobej zdravotnej starostlivosti. Odhadovaná veľkosť trhu súkromného zdravotného poistenia. 
610 2 0 |a poisťovníctvo 
610 2 0 |a poisťovne zdravotné 
610 2 0 |a poistenie zdravotné 
610 2 0 |a poistenie doplnkové 
610 2 0 |a poistenie životné 
610 2 0 |a poistenie neživotné 
610 2 0 |a Česko 
100 1 |a Jedlička, Petr 
700 1 |a Urban, Jaroslav